000 00626nam a2200229Ia 4500
003 OSt
005 20220923225837.0
006 a|||||r|||| 00| 0
007 ta
008 220922b |||||||| |||| 00| 0 snd d
024 _a275,301
037 _cTextual
040 _aARTS
_cARTS
_bsnd
041 _2snd
_asnd
082 _aW, 1593J7
100 _aरतनलालु ओचीरामु
245 0 _aनागरिक सिखिया
246 _aNāgarik sikhiyā
260 _c1957
942 _hW, 1593J7
_cTEXL
_2CC
999 _c380814
_d380814